Vista normal
Vista MARC
Entrada Nombre personal
Número de registros utilizados en: 5
001 - NÚMERO DE CONTROL
- campo de control: 74981
003 - IDENTIFICADOR DEL NÚMERO DE CONTROL
- campo de control: BNPHU
005 - FECHA Y HORA DE LA ÚLTIMA TRANSACCIÓN
- campo de control: 20240319193942.0
008 - DATOS DE LONGITUD FIJA
- campo de control de longitud fija: 200615|| aca||aabn | a|a d
010 ## - NÚMERO DE CONTROL DE LA BIBLIOTECA DEL CONGRESO
- Número de control de LC: n 96034971
040 ## - FUENTE DE LA CATALOGACIÓN
- Centro catalogador/agencia de origen: DO-SdBNP
- Lengua de catalogación: spa
- Centro/agencia transcriptor: BNPHU
- Normas de descripción: rda
100 1# - ENCABEZAMIENTO-NOMBRE DE PERSONA
- Nombre de persona: Díaz, Junot
- Fechas asociadas al nombre: 1968-
370 ## - LUGAR ASOCIADO
- Lugar de nacimiento: Santo Domingo (República Dominicana)
- Otro lugar asociado: Sant Parlin (N.J.)
373 ## - GRUPO ASOCIADO
- Grupo asociado: Rutgers College
- Fin de período: 1992
373 ## - GRUPO ASOCIADO
- Grupo asociado: Cornell University
- Fin de período: 1995
373 ## - GRUPO ASOCIADO
- Grupo asociado: Massachusetts Institute of Technology
374 ## - OCUPACIÓN
- Ocupación: Escritor de nacionalidad estadounidense-dominicana
- Ocupación: Profesor de escritura creativa en el Instituto Tecnológico de Massachusetts (MIT)
- Ocupación: Editor de la revista Boston Review.
375 ## - GÉNERO/SEXO
- Género/Sexo: Masculino
377 ## - LENGUA/LENGUAJE ASOCIADO
- Código del idioma: eng
- Término de lengua/lenguaje: Ingles
400 1# - TRAZADO DE VÉASE--NOMBRE DE PERSONA
- Nombre de persona: Diaz, J.
- Fechas asociadas al nombre: 1968-
670 ## - FUENTE DE DATOS ENCONTRADOS
- Cita de la fuente: Work cat.: (OSt)46797: Díaz, Junot, La breve y maravillosa vida de Óscar Wao. /, 2008.
670 ## - FUENTE DE DATOS ENCONTRADOS
- Cita de la fuente: His Drown, 1996
670 ## - FUENTE DE DATOS ENCONTRADOS
- Identificador Uniforme del Recurso: https://viaf.org/processed/LC%7Cn%20%2096034971 Consultado en: 18/03/2024
